Biggest Cities in Arizona (Extreme) - Statistics

General Stats
  • This quiz has been taken 25 times
  • The average score is 57 of 202
Answer Stats
Population City % Correct
1,445,632 Phoenix
100%
520,116 Tucson
96%
439,041 Mesa
92%
236,123 Chandler
88%
208,453 Gilbert
83%
226,721 Glendale
83%
93,064 Yuma
83%
217,385 Scottsdale
79%
65,870 Flagstaff
75%
65,275 Goodyear
71%
52,527 Lake Havasu City
71%
154,065 Peoria
71%
39,843 Prescott
71%
117,517 Surprise
71%
161,719 Tempe
71%
76,238 Avondale
67%
28,068 Kingman
63%
20,837 Nogales
63%
50,876 Buckeye
58%
41,011 Oro Valley
58%
43,482 Maricopa
54%
38,822 Prescott Valley
54%
10,031 Sedona
54%
35,840 Apache Junction
50%
48,571 Casa Grande
50%
26,361 Queen Creek
50%
5,652 South Tucson
50%
39,540 Bullhead City
46%
7,532 Globe
46%
21,391 Green Valley
46%
43,888 Sierra Vista
46%
1,380 Tombstone
46%
9,655 Winslow
46%
66,795 Casas Adobes
42%
17,378 Douglas
42%
15,301 Payson
42%
6,545 Tolleson
42%
7,569 Catalina
38%
50,796 Catalina Foothills
38%
10,817 Chino Valley
38%
1,922 Gila Bend
38%
5,476 Litchfield Park
38%
34,961 Marana
38%
3,677 Quartzsite
38%
37,499 Sun City
38%
1,191 Tubac
38%
6,363 Wickenburg
38%
3,304 Ajo
33%
10,475 Arizona City
33%
4,821 Colorado City
33%
11,825 Coolidge
33%
11,265 Cottonwood
33%
31,797 El Mirage
33%
16,631 Eloy
33%
22,489 Fountain Hills
33%
10,159 Gold Canyon
33%
5,523 Guadalupe
33%
14,952 New River
33%
12,820 Paradise Valley
33%
9,566 Safford
33%
25,259 Sahuarita
33%
25,505 San Luis
33%
10,660 Show Low
33%
5,590 Snowflake
33%
3,480 St. Johns
33%
24,535 Sun City West
33%
3,023 Williams
33%
5,105 Benson
29%
5,015 Cave Creek
29%
25,536 Florence
29%
14,364 Fort Mohave
29%
26,265 Fortuna Foothills
29%
5,053 Holbrook
29%
1,837 Miami
29%
7,247 Page
29%
3,083 Parker
29%
2,387 Pima
29%
18,962 Rio Rico
29%
81,321 San Tan Valley
29%
3,757 Wilcox
29%
6,156 Youngtown
29%
5,575 Bisbee
25%
3,363 Carefree
25%
3,311 Clifton
25%
1,975 Congress
25%
3,280 Cornville
25%
3,894 Dewey-Humboldt
25%
27,749 Drexel Heights
25%
4,885 Eagar
25%
1,470 Ehrenberg
25%
3,686 Oracle
25%
1,963 Pine
25%
14,287 Somerton
25%
1,961 Springerville
25%
5,372 Summit
25%
16,901 Tanque Verde
25%
5,581 Three Points
25%
10,208 Vail
25%
2,882 Wellton
25%
2,617 Whetstone
25%
5,438 Williamson
25%
10,873 Camp Verde
21%
4,028 Citrus Park
21%
4,097 Clarkdale
21%
2,633 Cordes Lakes
21%
2,245 Desert Hills
21%
16,419 Flowing Wells
21%
1,314 Fredonia
21%
1,210 Ganado
21%
1,024 Houck
21%
2,622 Kachina Village
21%
5,189 Kayenta
21%
4,706 Lake Montezuma
21%
2,616 Mohave Valley
21%
5,231 Paulden
21%
1,090 Peach Springs
21%
2,169 Red Rock
21%
2,672 Sacaton
21%
1,530 Salome
21%
2,495 Sells
21%
1,699 St. David
21%
13,975 Sun Lakes
21%
8,611 Tuba City
21%
4,104 Whiteriver
21%
21,700 Anthem
17%
6,050 Avra Valley
17%
2,837 Black Canyon City
17%
1,062 Blackwater
17%
1,538 Claypool
17%
2,033 Dolan Springs
17%
8,370 Golden Valley
17%
1,386 Joseph City
17%
1,950 Kearny
17%
1,348 Many Farms
17%
1,497 Mayer
17%
1,489 Morenci
17%
12,134 New Kingman-Butler
17%
6,147 Oak Creek
17%
1,350 Peridot
17%
4,038 San Carlos
17%
14,797 Sierra Vista Southeast
17%
1,148 Spring Valley
17%
2,310 Star Valley
17%
2,837 Superior
17%
4,112 Taylor
17%
4,865 Thatcher
17%
12,192 Tucson Estates
17%
9,355 Valencia West
17%
2,712 Window Rock
17%
1,876 Bagdad
13%
1,518 Cactus Flats
13%
1,209 Canyon Day
13%
4,518 Chinle
13%
2,004 Grand Canyon Village
13%
2,822 Heber-Overgaard
13%
1,853 Huachuca City
13%
1,443 LeChee
13%
1,701 Lukachukai
13%
1,426 Mammoth
13%
1,046 Naco
13%
1,188 Parks
13%
4,282 Pinetop-Lakeside
13%
5,139 Rincon Valley
13%
1,811 Rio Verde
13%
9,614 Saddlebrooke
13%
3,551 San Manuel
13%
1,424 Tonto Basin
13%
11,605 Verde Village
13%
1,062 Willow Valley
13%
1,090 Arivaca Junction
8%
4,176 Avenue B and C
8%
1,962 Beaver Dam
8%
1,962 Bylas
8%
1,388 Casa Blanca
8%
2,534 Central Heights-Midland City
8%
1,713 Cibecue
8%
5,675 Corona de Tucson
8%
1,184 Dilkon
8%
5,395 Doney Park
8%
1,508 Donovan Estates
8%
1,555 First Mesa
8%
3,624 Fort Defiance
8%
2,047 Golden Shores
8%
1,522 Kaibito
8%
4,094 Lake of the Woods
8%
2,597 Linden
8%
1,224 Meadview
8%
1,812 Mescal
8%
1,119 Mountainaire
8%
1,417 North Fork
8%
9,563 Picture Rocks
8%
1,794 Pinetop Country Club
8%
1,744 Pirtleville
8%
1,643 Scenic
8%
2,935 Swift Trail Junction
8%
1,205 Tsaile
8%
1,659 Valle Vista
8%
1,652 Wagon Wheel
8%
2,205 White Mountain Lake
8%
1,264 Centennial Park
4%
1,798 Cienaga Springs
4%
1,443 St. Michaels
4%
No matching quizzes found
Score Distribution
Percent of People with Each Score
Percentile by Number Answered
Your Score History
You have not taken this quiz